| 000 | 00749nam a22002175i 4500 | ||
|---|---|---|---|
| 001 | 177204 | ||
| 003 | ES-MaACL | ||
| 005 | 20251222213658.0 | ||
| 008 | 110308s1958 sp o |||| | spa d | ||
| 080 | _a726.6(460.111 S.) | ||
| 100 | 1 |
_aAlcolea Gil, Santiago, _d1919-2008 _9145493 |
|
| 245 | 1 | 3 |
_aLa catedral de Santiago / _cpor Santiago Alcolea. |
| 260 |
_aMadrid : _bPlus-Ultra, _c[1958?] |
||
| 300 |
_a157 p. : _bfot. bl. y n. ; _c22 cm. |
||
| 490 | 1 |
_aLos monumentos cardinales de España ; _v4 |
|
| 504 | _aBibliografía: p. 157. | ||
| 610 | 2 | 4 |
_aCatedral de Santiago de Compostela. _92524 |
| 830 | 0 |
_aLos monumentos cardinales de España ; _v4 _9190368 |
|
| 852 |
_aES-MaACL _jE-14617 _xOlim P-1021 |
||
| 999 |
_c177204 _d177204 |
||